Southville International School and Colleges
Your cart is empty.
  • Cart
  • Lists
    Public lists Eva Luna New books Lux_list list_1
    Your lists Log in to create your own lists
  • Log in to your account
  • Your cookies
  • Search history
Southville International School and Colleges
  • Advanced search
  • Recent comments
  • Most popular
  • Libraries

Log in to your account

Log in with GOOGLE


If you do not have an external account, but do have a local account, you can still log in:

  1. Home
  2. MARC view: The Crusades: Crescent & The Cross 1
Normal view MARC view ISBD view

The Crusades: Crescent & The Cross 1 (Record no. 292457)

[ view plain ]
MARC details
000 -LEADER
fixed length control field 00704nam a2200229Ia 4500
008 - FIXED-LENGTH DATA ELEMENTS--GENERAL INFORMATION
fixed length control field 160319s9999 xx 000 0 und d
245 #4 - TITLE STATEMENT
Title The Crusades: Crescent & The Cross 1
260 ## - PUBLICATION, DISTRIBUTION, ETC. (IMPRINT)
Name of publisher, distributor, etc Dolby Digital
260 ## - PUBLICATION, DISTRIBUTION, ETC. (IMPRINT)
Date of publication, distribution, etc NA
300 ## - PHYSICAL DESCRIPTION
Extent 1 videodisc approximately 90 minutes, disc 1 ;
300 ## - PHYSICAL DESCRIPTION
Other physical details sound, color ;
300 ## - PHYSICAL DESCRIPTION
Dimensions 4 3/4 in.
500 ## - GENERAL NOTE
General note DVD features : Interactive menus. Scene selection.
650 ## - SUBJECT ADDED ENTRY--TOPICAL TERM
Topical term or geographic name as entry element Church history -- Middle Ages, 600-1500.
650 ## - SUBJECT ADDED ENTRY--TOPICAL TERM
Topical term or geographic name as entry element Civilization, Medieval.
650 ## - SUBJECT ADDED ENTRY--TOPICAL TERM
Topical term or geographic name as entry element Crusades.
650 ## - SUBJECT ADDED ENTRY--TOPICAL TERM
Topical term or geographic name as entry element Islamic Empire --
650 ## - SUBJECT ADDED ENTRY--TOPICAL TERM
Topical term or geographic name as entry element Middle East --
650 ## - SUBJECT ADDED ENTRY--TOPICAL TERM
General subdivision History -- 750-1258.
650 ## - SUBJECT ADDED ENTRY--TOPICAL TERM
General subdivision History.
700 ## - ADDED ENTRY--PERSONAL NAME
Personal name Lion Television (Firm), Corporate.
Holdings
Withdrawn status Lost status Damaged status Home library Current library Date acquired Total Checkouts Barcode Date last seen Price effective from Koha item type
      Stonyhurst Southville International School (Batangas) Stonyhurst Southville International School (Batangas) 03/19/2016   AV-060 03/19/2016 03/19/2016 Audio Visual Materials

The Crusades: Crescent & The Cross 1

APA

Lion Television (Firm) C., .The Crusades: Crescent & The Cross 1. : Dolby Digital.

Chicago

Lion Television (Firm) Corporate, .The Crusades: Crescent & The Cross 1. : Dolby Digital.

Harvard

Lion Television (Firm) C., .The Crusades: Crescent & The Cross 1. : Dolby Digital.

MLA

Lion Television (Firm) Corporate, .: Dolby Digital. .

  • Place hold
  • Print
  • Cite
  • Add to your cart (remove)
  • Save record
    BIBTEX Dublin Core MARCXML MARC (non-Unicode/MARC-8) MARC (Unicode/UTF-8) MARC (Unicode/UTF-8, Standard) MODS (XML) RIS
  • More searches
    Search for this title in:
    Other Libraries (WorldCat) Other Databases (Google Scholar) Online Stores (Bookfinder.com) Open Library (openlibrary.org)

Exporting to Dublin Core...

SOUTHVILLE LIBRARY

Southville International School and Colleges Library

1281 Tropical Ave. Cor. Luxembourg St., BF Homes International, Las Pinas City

Tel. No. 8256374 / 252358 Loc. 117/146

Powered by Koha